Las antigüedades de Roma

Сохранить в:
Библиографические подробности
Главные авторы: Palladio, Andrea (autor), Riello Velasco, José María (Автор)
Формат:
Язык:испанский
Опубликовано: Madrid Akal 2008
Редактирование:1a. ed
Серии:Fuentes del Arte, 26
Предметы:
Метки: Добавить метку
Нет меток, Требуется 1-ая метка записи!

MARC

LEADER 00000nam a2200000 a 4500
001 UCH3689
003 CL-VaPUC
008 090813e20080000SP |||||||||||||||||spa|d
020 |a 9788446026976 
082 0 4 |a 709.015  |b PAL  |2 21 
100 |a Palladio, Andrea  |e autor  |9 265336 
700 0 |a Riello Velasco, José María  |e author  |9 539196 
245 1 4 |a Las antigüedades de Roma 
250 |a 1a. ed 
300 |a 223 p 
942 |c BK 
945 |d 20090813 00:00:00  |a cmena 
260 |a Madrid  |b Akal  |c 2008 
650 0 |a Arte romano  |9 267838 
650 0 |a Historia del arte  |9 314877 
650 0 |a Diseño arquitectónico   |9 265271 
650 0 |a Arte antiguo  |9 330766 
650 0 |a Estética   |9 264950 
583 |a last modification  |c 20090813 00:00:00  |k Rodrigo Vera 
490 0 |a Fuentes del Arte, 26 
999 |c 335166  |d 335164 
952 |0 0  |1 0  |4 0  |6 709_015000000000000_PAL_2008  |7 0  |8 A  |9 424829  |a BIBARQ  |b BIBARQ  |d 2019-11-22  |i 4588770  |l 2  |o 709.015 PAL 2008  |p 4588770  |r 2025-01-20  |s 2022-08-22  |w 2019-11-22  |y BK  |k ARQ 
952 |0 0  |1 0  |4 0  |6 709_015000000000000_PAL_2008  |7 0  |8 A  |9 424830  |a BIBHIS  |b BIBHIS  |d 2019-11-22  |i 4606205  |o 709.015 PAL 2008  |p 4606205  |r 2025-01-20  |w 2019-11-22  |y BK  |k HIS 
952 |0 0  |1 0  |4 0  |6 709_015000000000000_PAL_2008  |7 0  |8 A  |9 424831  |a BIBARQ  |b BIBARQ  |d 2019-11-22  |i 474117K  |l 2  |o 709.015 PAL 2008  |p 474117K  |r 2025-01-20  |s 2022-09-20  |w 2019-11-22  |y BK  |k ARQ